[Event "San Francisco Grey Memorial"]
[Site "San Francisco"]
[Date "2017.09.19"]
[Round "7"]
[White "Goins, Demetrius"]
[Black "Tracy, Joseph J"]
[Result "0-1"]
[WhiteElo "2107"]
[BlackElo "2025"]
[PlyCount "95"]
[EventDate "2017.08.08"]
[EventType "swiss"]
[EventRounds "9"]
[EventCountry "USA"]
[SourceTitle "EXT 2023"]
[Source "ChessBase"]
[SourceDate "2022.10.05"]
[SourceVersion "1"]
[SourceVersionDate "2022.10.05"]
[SourceQuality "1"]

1. d4 Nf6 2. Nf3 e6 3. c4 b6 4. a3 Bb7 5. Nc3 d5 6. cxd5 exd5 7. Bg5 Nbd7 8. e3 Be7 9. Bb5 a6 10. Be2 Ne4 11. Bxe7 Qxe7 12. Rc1 0-0 13. 0-0 f5 14. b4 Kh8 15. Qb3 Qd6 16. b5 a5 17. Rc2 Rae8 18. Rfc1 Rf6 19. Nxe4 fxe4 20. Ng5 Rc8 21. h4 c5 22. bxc6 Rxc6 23. Bb5 Rxc2 24. Qxc2 Nf8 25. a4 h6 26. Nh3 Ne6 27. Bc6 Nxd4 28. exd4 Qxc6 29. Qd1 Qd7 30. Rc3 Ba6 31. Kh2 Bc4 32. g3 Kg8 33. Kg2 Qf5 34. h5 Qd7 35. Nf4 Qd6 36. Qg4 Qc6 37. Nxd5 Qxd5 38. Qc8+ Kh7 39. Qxc4 Qxh5 40. d5 Qf5 41. Qd4 Rd6 42. Re3 Qxd5 43. Qxe4+ Qxe4+ 44. Rxe4 Kg6 45. Re7 Kf6 46. Re4 Rd5 47. Kf3 Rf5+ 48. Kg2 0-1

[Event "San Francisco Grey Memorial"]
[Site "San Francisco"]
[Date "2017.08.22"]
[Round "3"]
[White "Liang, Ting"]
[Black "Goins, Demetrius"]
[Result "0-1"]
[WhiteElo "1559"]
[BlackElo "2107"]
[PlyCount "66"]
[EventDate "2017.08.08"]
[EventType "swiss"]
[EventRounds "9"]
[EventCountry "USA"]
[SourceTitle "EXT 2023"]
[Source "ChessBase"]
[SourceDate "2022.10.05"]
[SourceVersion "1"]
[SourceVersionDate "2022.10.05"]
[SourceQuality "1"]

1. c4 e5 2. Nc3 Nc6 3. e3 Nf6 4. Nge2 Be7 5. d4 exd4 6. exd4 d5 7. cxd5 Nxd5 8. g3 Nxc3 9. Nxc3 Qxd4 10. Be3 Qxd1+ 11. Rxd1 Bg4 12. Be2 Bxe2 13. Kxe2 Bd6 14. Nb5 0-0-0 15. Nxa7+ Nxa7 16. Bxa7 b6 17. Rd4 Kb7 18. Bxb6 cxb6 19. Rhd1 Bc7 20. Rd7 Kc6 21. R7d3 Rxd3 22. Kxd3 Rd8+ 23. Ke2 Rxd1 24. Kxd1 Kd5 25. f3 Kd4 26. Kd2 g5 27. Ke2 h5 28. Kd2 Be5 29. b3 f6 30. a3 f5 31. a4 Bd6 32. Kc2 Bxg3 33. hxg3 h4 0-1

[Event "San Francisco Grey Memorial"]
[Site "San Francisco"]
[Date "2017.08.15"]
[Round "2"]
[White "Goins, Demetrius"]
[Black "Porlares, Teodoro"]
[Result "1/2-1/2"]
[WhiteElo "2107"]
[BlackElo "1861"]
[PlyCount "77"]
[EventDate "2017.08.08"]
[EventType "swiss"]
[EventRounds "9"]
[EventCountry "USA"]
[SourceTitle "EXT 2023"]
[Source "ChessBase"]
[SourceDate "2022.10.05"]
[SourceVersion "1"]
[SourceVersionDate "2022.10.05"]
[SourceQuality "1"]

1. d4 Nf6 2. Nf3 e6 3. c4 Bb4+ 4. Bd2 Be7 5. Nc3 0-0 6. e4 d6 7. Bd3 c5 8. 0-0 cxd4 9. Nxd4 Nc6 10. Be3 Ne5 11. Be2 Bd7 12. f3 a6 13. Qd2 Qc7 14. Rac1 Nc6 15. Rfd1 Nxd4 16. Bxd4 Bc6 17. Nd5 Bxd5 18. cxd5 Qd7 19. Bxf6 gxf6 20. dxe6 fxe6 21. Bc4 Kh8 22. Qh6 b5 23. Bb3 Rac8 24. Rxc8 Rxc8 25. e5 Qa7+ 26. Kh1 fxe5 27. Qxe6 Qc7 28. h3 a5 29. Bd5 Rd8 30. Be4 Bg5 31. Qf5 Qe7 32. g3 Rf8 33. Qg4 Be3 34. Qh5 Rg8 35. Rxd6 Rxg3 36. Bg6 h6 37. Rc6 Bf4 38. Qf5 Kg7 39. Re6 1/2-1/2

[Event "San Francisco TNM Summer op"]
[Site "San Francisco"]
[Date "2017.07.18"]
[Round "8"]
[White "McKellar, Daniel"]
[Black "Goins, Demetrius"]
[Result "0-1"]
[WhiteElo "1740"]
[BlackElo "2102"]
[PlyCount "112"]
[EventDate "2017.05.23"]
[EventType "swiss"]
[EventRounds "8"]
[EventCountry "USA"]
[SourceTitle "EXT 2023"]
[Source "ChessBase"]
[SourceDate "2022.10.05"]
[SourceVersion "1"]
[SourceVersionDate "2022.10.05"]
[SourceQuality "1"]

1. d4 d5 2. c4 dxc4 3. Nf3 Nf6 4. Nc3 Bf5 5. e3 e6 6. Bxc4 c6 7. 0-0 Bd6 8. Re1 Ne4 9. Bd3 Nxc3 10. bxc3 0-0 11. e4 Bg6 12. Bg5 Be7 13. Bxe7 Qxe7 14. Ne5 Nd7 15. Nxg6 hxg6 16. Rb1 b6 17. e5 c5 18. Be4 Rac8 19. Qa4 Rc7 20. Rbd1 cxd4 21. cxd4 Rfc8 22. Bf3 Nf8 23. d5 exd5 24. Bxd5 Ne6 25. Qg4 Re8 26. Re3 Rd7 27. Red3 Red8 28. Bc4 Rxd3 29. Rxd3 Rxd3 30. Bxd3 Qa3 31. Qc4 Qa5 32. g3 Qxe5 33. Kg2 Qc7 34. a4 Qxc4 35. Bxc4 Nc5 36. Bb5 f6 37. Kf3 Kf7 38. Ke3 Ke6 39. Kd4 g5 40. g4 Kd6 41. h3 Ke6 42. Bc4+ Kd6 43. Bb5 Ne6+ 44. Kc3 Ke5 45. Kd2 Kd4 46. f3 Nc7 47. Bd7 a6 48. Bc6 Kc5 49. Bd7 Nd5 50. Be6 Nf4 51. Bd7 Nxh3 52. Bc8 a5 53. Kc3 b5 54. axb5 Kxb5 55. Bd7+ Kc5 56. Bc8 Nf4 0-1

[Event "San Francisco TNM Fall op"]
[Site "San Francisco"]
[Date "2014.11.04"]
[Round "3"]
[White "Askin, Michael"]
[Black "Goins, Demetrius"]
[Result "1-0"]
[WhiteElo "1964"]
[BlackElo "2159"]
[PlyCount "63"]
[EventDate "2014.10.21"]
[EventType "swiss"]
[EventRounds "8"]
[EventCountry "USA"]
[SourceTitle "EXT 2016"]
[Source "ChessBase"]
[SourceDate "2015.10.08"]
[SourceVersion "1"]
[SourceVersionDate "2015.10.08"]
[SourceQuality "1"]

1. d4 d5 2. c4 e6 3. Nf3 Nf6 4. g3 Be7 5. Bg2 0-0 6. 0-0 dxc4 7. Qc2 c5 8. Rd1 Qb6 9. Na3 Nc6 10. Nxc4 Qa6 11. dxc5 Nb4 12. Qb3 Bxc5 13. Be3 Be7 14. Bg5 b5 15. Nce5 Nbd5 16. e4 Nb6 17. Nc6 Bc5 18. Nfd4 Bb7 19. Rac1 Nc4 20. e5 Nd5 21. Nxb5 Bxc6 22. Qxc4 Bxf2+ 23. Kxf2 Bxb5 24. Qg4 Qb6+ 25. Rd4 Kh8 26. Bxd5 exd5 27. Be3 Qb7 28. Qh5 Bd7 29. Rh4 Qxb2+ 30. Kg1 h6 31. Bxh6 Qb6+ 32. Be3+ 1-0

[Event "San Francisco TNM Jay Whitehead op"]
[Site "San Francisco"]
[Date "2014.09.16"]
[Round "7"]
[White "Hakobyan, Sos"]
[Black "Goins, Demetrius"]
[Result "0-1"]
[WhiteElo "1953"]
[BlackElo "2159"]
[PlyCount "86"]
[EventDate "2014.08.05"]
[EventType "swiss"]
[EventRounds "9"]
[EventCountry "USA"]
[SourceTitle "EXT 2016"]
[Source "ChessBase"]
[SourceDate "2015.10.08"]
[SourceVersion "1"]
[SourceVersionDate "2015.10.08"]
[SourceQuality "1"]

1. e4 c5 2. Nf3 d6 3. d4 cxd4 4. Qxd4 e6 5. Nc3 Bd7 6. Bg5 Nf6 7. Bxf6 gxf6 8. Bb5 Bxb5 9. Nxb5 Nc6 10. Qa4 Rg8 11. g3 Qb6 12. 0-0-0 0-0-0 13. Nfd4 Rg5 14. Nxc6 bxc6 15. Nd4 Kc7 16. Kb1 Ra5 17. Qb3 Qa6 18. Qd3 Rxa2 19. Qxa6 Rxa6 20. c3 Rb8 21. Rd2 c5 22. Ne2 Bh6 23. Rc2 Ra4 24. c4 Rbb4 25. Nc3 Ra5 26. Nb5+ Kd7 27. Rd1 Bf8 28. f4 Ra6 29. e5 fxe5 30. fxe5 d5 31. Rf1 f5 32. exf6 d4 33. Rf3 Raa4 34. Na3 Rb6 35. Re2 Rab4 36. Ka2 e5 37. Rf5 e4 38. Rd5+ Ke6 39. Rxe4+ Kxf6 40. Re2 Bh6 41. Rxc5 d3 42. Rf2+ Ke6 43. Rd5 d2 0-1

[Event "San Francisco TNM Jay Whitehead op"]
[Site "San Francisco"]
[Date "2014.09.09"]
[Round "6"]
[White "Goins, Demetrius"]
[Black "Chen, Mingson"]
[Result "1-0"]
[WhiteElo "2159"]
[BlackElo "1900"]
[PlyCount "63"]
[EventDate "2014.08.05"]
[EventType "swiss"]
[EventRounds "9"]
[EventCountry "USA"]
[SourceTitle "EXT 2016"]
[Source "ChessBase"]
[SourceDate "2015.10.08"]
[SourceVersion "1"]
[SourceVersionDate "2015.10.08"]
[SourceQuality "1"]

1. d4 Nf6 2. Nf3 c5 3. e3 e6 4. c4 d5 5. Nc3 a6 6. a3 dxc4 7. Bxc4 b5 8. Bd3 Bb7 9. 0-0 Nbd7 10. Qe2 Qb8 11. Rd1 cxd4 12. exd4 Be7 13. Ne5 0-0 14. Bf4 Qd8 15. Rac1 g6 16. Bb1 Nb6 17. Ba2 Bd5 18. Nxd5 Nbxd5 19. Bg5 Re8 20. Nc6 Qd6 21. Nxe7+ Rxe7 22. Bxd5 exd5 23. Qf3 Re6 24. Bf4 Qe7 25. h3 Ne4 26. Be5 Re8 27. Rc7 Qf8 28. Qb3 Nf6 29. Rdc1 R8e7 30. Rxe7 Qxe7 31. Rc8+ Kg7 32. Qxd5 1-0

[Event "San Francisco TNM Summer op"]
[Site "San Francisco"]
[Date "2014.07.08"]
[Round "7"]
[White "Manvelyan, Hayk"]
[Black "Goins, Demetrius"]
[Result "1-0"]
[WhiteElo "2293"]
[BlackElo "2136"]
[PlyCount "49"]
[EventDate "2013.05.28"]
[EventType "swiss"]
[EventRounds "8"]
[EventCountry "USA"]
[SourceTitle "EXT 2016"]
[Source "ChessBase"]
[SourceDate "2015.10.08"]
[SourceVersion "1"]
[SourceVersionDate "2015.10.08"]
[SourceQuality "1"]

1. d4 d5 2. c4 e6 3. Nf3 Nf6 4. g3 Be7 5. Bg2 0-0 6. 0-0 c6 7. Nc3 Nbd7 8. b3 h6 9. Bb2 b6 10. Rc1 Bb7 11. e3 Rc8 12. Qe2 Re8 13. Rfd1 Bd6 14. e4 e5 15. dxe5 Nxe5 16. cxd5 cxd5 17. Nxd5 Nxf3+ 18. Qxf3 Nxe4 19. Qg4 Qg5 20. Qd7 Nxf2 21. Kxf2 Bxd5 22. Bxd5 Qe3+ 23. Kg2 Qe2+ 24. Kh1 Rxc1 25. Qxf7+ 1-0

[Event "San Francisco TNM Summer op"]
[Site "San Francisco"]
[Date "2013.07.02"]
[Round "6"]
[White "Goins, Demetrius"]
[Black "Rudyak, Felix"]
[Result "1-0"]
[WhiteElo "2136"]
[BlackElo "1946"]
[PlyCount "113"]
[EventDate "2013.05.28"]
[EventType "swiss"]
[EventRounds "8"]
[EventCountry "USA"]
[SourceTitle "EXT 2016"]
[Source "ChessBase"]
[SourceDate "2015.10.08"]
[SourceVersion "1"]
[SourceVersionDate "2015.10.08"]
[SourceQuality "1"]

1. d4 d5 2. c4 e6 3. Nc3 c5 4. cxd5 exd5 5. Nf3 Nc6 6. g3 Nf6 7. Bg2 Be7 8. 0-0 0-0 9. Bg5 cxd4 10. Nxd4 h6 11. Be3 Re8 12. Rc1 Bf8 13. Nxc6 bxc6 14. Na4 Bd7 15. Bd4 Ne4 16. a3 Bd6 17. Re1 h5 18. Nc3 Nxc3 19. Rxc3 h4 20. e4 hxg3 21. hxg3 Qg5 22. exd5 Rxe1+ 23. Qxe1 cxd5 24. Rd3 Be6 25. Be3 Qf5 26. Qd2 Rd8 27. Bxa7 Be5 28. b4 d4 29. Qc2 Rc8 30. Bc5 Qg6 31. Rd2 Bf5 32. Qb2 Be4 33. Bxe4 Qxe4 34. Re2 Qd5 35. Qa2 Qxa2 36. Rxa2 Rd8 37. Kf1 d3 38. Ke1 Bc3+ 39. Kd1 Re8 40. Be3 Re5 41. Rd2 Rd5 42. Bc5 f6 43. a4 Kf7 44. a5 Ke6 45. a6 Bxd2 46. Kxd2 Rd8 47. b5 Kd5 48. Be3 Kc4 49. b6 Kb5 50. a7 Ka6 51. Bd4 Kb7 52. Kxd3 Rd6 53. Ke4 g6 54. g4 Rc6 55. Kd5 Rc2 56. f4 Rc6 57. a8Q+ 1-0

[Event "San Francisco TNM Summer op"]
[Site "San Francisco"]
[Date "2013.06.11"]
[Round "3"]
[White "Sherwood, Peter"]
[Black "Goins, Demetrius"]
[Result "0-1"]
[WhiteElo "1789"]
[BlackElo "2136"]
[PlyCount "86"]
[EventDate "2013.05.28"]
[EventType "swiss"]
[EventRounds "8"]
[EventCountry "USA"]
[SourceTitle "EXT 2016"]
[Source "ChessBase"]
[SourceDate "2015.10.08"]
[SourceVersion "1"]
[SourceVersionDate "2015.10.08"]
[SourceQuality "1"]

1. e4 c5 2. Nf3 d6 3. d4 cxd4 4. Nxd4 Nf6 5. Nc3 a6 6. Be3 e5 7. Nb3 Be7 8. f3 Be6 9. Qd2 0-0 10. 0-0-0 b5 11. g4 Nc6 12. g5 Nd7 13. Nd5 Bxd5 14. Qxd5 Na5 15. Nxa5 Qxa5 16. Kb1 Qc7 17. h4 Rac8 18. Rh2 Nb6 19. Bxb6 Qxb6 20. Qb3 Rc5 21. Rhd2 Rb8 22. Qe3 a5 23. Be2 a4 24. Qd3 Rcc8 25. Bf1 Qc5 26. Qd5 Qe3 27. Qd3 Qf4 28. Bh3 Rc4 29. Bg4 h6 30. gxh6 Qxh6 31. Rh2 Qf4 32. Qe2 Rd4 33. Rxd4 exd4 34. Qd2 Qe5 35. Rh1 b4 36. Qd3 Bf6 37. h5 Rb6 38. Bd7 a3 39. Qc4 d3 40. Qc8+ Kh7 41. Bf5+ Kh6 42. Qh8+ Kg5 43. Rg1+ Kf4 0-1

[Event "San Francisco TNM Winter op"]
[Site "San Francisco"]
[Date "2013.02.26"]
[Round "8"]
[White "Ortega, Bill"]
[Black "Goins, Demetrius"]
[Result "1/2-1/2"]
[WhiteElo "2068"]
[BlackElo "2131"]
[PlyCount "49"]
[EventDate "2013.01.08"]
[EventType "swiss"]
[EventRounds "8"]
[EventCountry "USA"]
[SourceTitle "EXT 2016"]
[Source "ChessBase"]
[SourceDate "2015.10.08"]
[SourceVersion "1"]
[SourceVersionDate "2015.10.08"]
[SourceQuality "1"]

1. e4 c5 2. Nc3 Nc6 3. f4 g6 4. Nf3 Bg7 5. Bb5 Nd4 6. 0-0 Nxb5 7. Nxb5 d5 8. exd5 a6 9. Nc3 Nf6 10. d4 Nxd5 11. dxc5 Nxc3 12. Qxd8+ Kxd8 13. bxc3 Bxc3 14. Rb1 Kc7 15. Rb3 Bf6 16. Bd2 Be6 17. Rb6 a5 18. Rfb1 Bd5 19. R6b5 Bc6 20. Rxa5 Kd7 21. a3 Rxa5 22. Bxa5 Ra8 23. Bb4 Ke6 24. Kf2 h6 25. g4 1/2-1/2

[Event "San Francisco TNM Marathon op"]
[Site "San Francisco"]
[Date "2012.09.04"]
[Round "6"]
[White "Goins, Demetrius"]
[Black "Grey, Peter G"]
[Result "1/2-1/2"]
[WhiteElo "2129"]
[BlackElo "2014"]
[PlyCount "78"]
[EventDate "2012.07.31"]
[EventType "swiss"]
[EventRounds "9"]
[EventCountry "USA"]
[SourceTitle "EXT 2014"]
[Source "ChessBase"]
[SourceDate "2013.11.20"]
[SourceVersion "1"]
[SourceVersionDate "2013.11.20"]
[SourceQuality "1"]

1. d4 Nf6 2. Nf3 g6 3. Bg5 Bg7 4. Nbd2 d5 5. e3 0-0 6. Be2 Nbd7 7. c3 Re8 8. Qb3 c6 9. 0-0 Qb6 10. Bf4 Nh5 11. Qxb6 axb6 12. Bc7 b5 13. e4 dxe4 14. Nxe4 Nhf6 15. Ned2 Nd5 16. Bg3 N7f6 17. Ne5 Bf5 18. a3 Ne4 19. Nxe4 Bxe4 20. Rfe1 Bf5 21. Bf3 Rad8 22. Be4 Bxe4 23. Rxe4 e6 24. Nd3 Nf6 25. Re2 Nh5 26. Bc7 Rc8 27. Be5 Bxe5 28. Rxe5 Nf6 29. Rae1 Nd7 30. R5e2 Red8 31. Rd2 Kg7 32. Red1 h5 33. g3 Kf8 34. Kg2 Ke7 35. Kf3 Rb8 36. Kf4 Nb6 37. Re2 Rd5 38. Re5 Rxe5 39. Nxe5 Rd8 1/2-1/2

[Event "San Francisco TNM Spring op"]
[Site "San Francisco"]
[Date "2012.04.03"]
[Round "4"]
[White "Goins, Demetrius"]
[Black "Ganbold, Odondoo"]
[Result "1/2-1/2"]
[WhiteElo "2102"]
[BlackElo "2311"]
[PlyCount "55"]
[EventDate "2012.03.13"]
[EventType "swiss"]
[EventRounds "8"]
[EventCountry "USA"]
[SourceTitle "EXT 2014"]
[Source "ChessBase"]
[SourceDate "2013.11.20"]
[SourceVersion "1"]
[SourceVersionDate "2013.11.20"]
[SourceQuality "1"]

1. d4 g6 2. e4 Bg7 3. c3 Nf6 4. e5 Nd5 5. Bc4 Nb6 6. Bb3 d6 7. f4 0-0 8. Nf3 c5 9. dxc5 dxc5 10. Qxd8 Rxd8 11. Be3 Na6 12. Nbd2 Nd5 13. Kf2 Nxe3 14. Kxe3 Nc7 15. Rhd1 Be6 16. Bxe6 Nxe6 17. Ne4 f6 18. g3 b6 19. h4 fxe5 20. Nxe5 Bxe5 21. fxe5 h6 22. Nf2 Ng7 23. g4 Rf8 24. Rd7 Rf7 25. Ne4 Raf8 26. Rg1 Rf3+ 27. Ke2 R3f4 28. Ke3 1/2-1/2

[Event "San Francisco TNM Spring op"]
[Site "San Francisco"]
[Date "2012.03.20"]
[Round "2"]
[White "Goins, Demetrius"]
[Black "Shnaiderman, Lazar"]
[Result "1/2-1/2"]
[WhiteElo "2102"]
[BlackElo "1873"]
[PlyCount "76"]
[EventDate "2012.03.13"]
[EventType "swiss"]
[EventRounds "8"]
[EventCountry "USA"]
[SourceTitle "EXT 2014"]
[Source "ChessBase"]
[SourceDate "2013.11.20"]
[SourceVersion "1"]
[SourceVersionDate "2013.11.20"]
[SourceQuality "1"]

1. d4 Nf6 2. Nf3 e6 3. c4 Bb4+ 4. Bd2 Qe7 5. a3 Bxd2+ 6. Qxd2 d6 7. Nc3 Nbd7 8. g3 b6 9. Bg2 Bb7 10. 0-0 0-0 11. Qc2 e5 12. e4 Rfe8 13. Rfe1 c5 14. d5 Nf8 15. Nh4 Bc8 16. Nf5 Bxf5 17. exf5 Qd8 18. Re2 a6 19. Rae1 Ra7 20. Qd3 h6 21. h3 N8h7 22. Qd2 Rae7 23. f3 Ng5 24. h4 Ngh7 25. Bh3 Rb7 26. a4 Nd7 27. Ne4 Ndf8 28. f4 f6 29. fxe5 Rxe5 30. Nf2 Rbe7 31. Rxe5 Rxe5 32. Nd3 Nd7 33. Nxe5 Nxe5 34. Qc3 Qe8 35. Ra1 Qh5 36. Kf2 Ng5 37. Bg2 Ngf7 38. Bh3 Ng5 1/2-1/2

[Event "San Francisco TNM Spring op"]
[Site "San Francisco"]
[Date "2012.03.13"]
[Round "1"]
[White "Poling, Scott"]
[Black "Goins, Demetrius"]
[Result "0-1"]
[WhiteElo "1731"]
[BlackElo "2102"]
[PlyCount "82"]
[EventDate "2012.03.13"]
[EventType "swiss"]
[EventRounds "8"]
[EventCountry "USA"]
[SourceTitle "EXT 2014"]
[Source "ChessBase"]
[SourceDate "2013.11.20"]
[SourceVersion "1"]
[SourceVersionDate "2013.11.20"]
[SourceQuality "1"]

1. e4 c5 2. Nc3 Nc6 3. f4 d6 4. Nf3 g6 5. Bb5 Bg7 6. 0-0 e6 7. d3 Nge7 8. Qe1 a6 9. Bxc6+ Nxc6 10. f5 0-0 11. fxg6 fxg6 12. Bg5 Qc7 13. Qh4 b5 14. Bh6 Bxh6 15. Qxh6 Qg7 16. Qxg7+ Kxg7 17. Ng5 Bd7 18. Ne2 h6 19. Nf3 e5 20. Nc3 Be6 21. Rf2 Nd4 22. Nd5 Bxd5 23. exd5 Nxf3+ 24. Rxf3 Rxf3 25. gxf3 Rf8 26. Kf2 Rf4 27. c3 Kf6 28. b3 c4 29. dxc4 bxc4 30. Ke3 g5 31. b4 e4 32. Rf1 Ke5 33. a4 Rxf3+ 34. Rxf3 exf3 35. Kxf3 h5 36. b5 axb5 37. axb5 Kxd5 38. b6 Kc6 39. Ke4 Kxb6 40. Kd5 Kb5 41. Kxd6 Ka4 0-1

[Event "San Francisco TNM Fall op"]
[Site "San Francisco"]
[Date "2011.10.25"]
[Round "2"]
[White "Goins, Demetrius"]
[Black "Miller, David A"]
[Result "1-0"]
[WhiteElo "2084"]
[BlackElo "1777"]
[PlyCount "49"]
[EventDate "2011.10.18"]
[EventType "swiss"]
[EventRounds "9"]
[EventCountry "USA"]
[SourceTitle "EXT 2016"]
[Source "ChessBase"]
[SourceDate "2015.10.08"]
[SourceVersion "1"]
[SourceVersionDate "2015.10.08"]
[SourceQuality "1"]

1. d4 d5 2. c4 e6 3. Nc3 Nf6 4. Bg5 Be7 5. e3 0-0 6. Nf3 h6 7. Bh4 b6 8. cxd5 exd5 9. Qc2 Be6 10. Bd3 Nbd7 11. 0-0 c5 12. Rad1 Rc8 13. Ba6 Ra8 14. Ne5 Nxe5 15. dxe5 Nd7 16. Bg3 Bh4 17. Bb7 Bxg3 18. hxg3 Rb8 19. Bxd5 Qe7 20. f4 f6 21. Qb3 c4 22. Qxc4 Nc5 23. b4 Bxd5 24. Nxd5 Qe6 25. bxc5 1-0

[Event "San Francisco TNM Litowsky op"]
[Site "San Francisco"]
[Date "2011.09.20"]
[Round "8"]
[White "Krasnov, Steven Lender"]
[Black "Goins, Demetrius"]
[Result "0-1"]
[WhiteElo "1983"]
[BlackElo "2084"]
[PlyCount "103"]
[EventDate "2011.08.02"]
[EventType "swiss"]
[EventRounds "9"]
[EventCountry "USA"]
[SourceTitle "EXT 2016"]
[Source "ChessBase"]
[SourceDate "2015.10.08"]
[SourceVersion "1"]
[SourceVersionDate "2015.10.08"]
[SourceQuality "1"]

1. d4 d5 2. Nf3 Nf6 3. c4 e6 4. Nc3 Be7 5. Bg5 h6 6. Bh4 0-0 7. e3 Nbd7 8. Bd3 b6 9. cxd5 Nxd5 10. Bxe7 Qxe7 11. 0-0 Bb7 12. Rc1 c5 13. Bb1 Rfd8 14. Nxd5 Bxd5 15. Qd3 Nf6 16. Ne5 cxd4 17. exd4 Rac8 18. Rxc8 Rxc8 19. Ng4 Bb7 20. Re1 Qd8 21. h3 Nxg4 22. hxg4 Qg5 23. Qd1 h5 24. f3 hxg4 25. fxg4 g6 26. Bc2 Qf4 27. Rf1 Qe3+ 28. Rf2 Rc4 29. Qd2 Qxd4 30. Qxd4 Rxd4 31. g5 Rg4 32. Bd3 Rxg5 33. b4 Rg3 34. Bc2 Bd5 35. Kh2 Ra3 36. Bb1 Kg7 37. Re2 f5 38. Kg1 Kf6 39. Kf2 f4 40. Ke1 g5 41. Kf2 Rg3 42. Be4 Bxe4 43. Rxe4 Ra3 44. Re2 Kf5 45. Rd2 g4 46. Rc2 e5 47. Rd2 e4 48. Rc2 g3+ 49. Ke2 f3+ 50. Kf1 Rd3 51. Ke1 Kf4 52. Rc7 0-1

[Event "San Francisco TNM Litowsky op"]
[Site "San Francisco"]
[Date "2011.08.30"]
[Round "5"]
[White "Goins, Demetrius"]
[Black "Runyon, Michael"]
[Result "1-0"]
[WhiteElo "2084"]
[BlackElo "1971"]
[PlyCount "55"]
[EventDate "2011.08.02"]
[EventType "swiss"]
[EventRounds "9"]
[EventCountry "USA"]
[SourceTitle "EXT 2016"]
[Source "ChessBase"]
[SourceDate "2015.10.08"]
[SourceVersion "1"]
[SourceVersionDate "2015.10.08"]
[SourceQuality "1"]

1. d4 Nf6 2. Nf3 d6 3. Bg5 Nbd7 4. Nbd2 e5 5. c3 Be7 6. e4 0-0 7. Bc4 c6 8. 0-0 Qc7 9. Re1 b6 10. Nf1 Bb7 11. Ng3 b5 12. Bb3 c5 13. Nf5 Rfe8 14. a4 a6 15. d5 Bf8 16. Qd2 g6 17. Bxf6 Nxf6 18. Qg5 Bg7 19. N3h4 Qd8 20. Nxg7 Kxg7 21. Re3 Ng8 22. Qg3 Kh8 23. Rf1 Qe7 24. Bd1 f6 25. Nxg6+ hxg6 26. Qxg6 Bc8 27. g4 Qh7 28. Qxe8 1-0

[Event "San Francisco TNM Fall op"]
[Site "San Francisco"]
[Date "2010.11.16"]
[Round "5"]
[White "Goins, Demetrius"]
[Black "Shakhnazarov, Oleg"]
[Result "1-0"]
[WhiteElo "2035"]
[BlackElo "2165"]
[PlyCount "53"]
[EventDate "2010.10.20"]
[EventType "swiss"]
[EventRounds "9"]
[EventCountry "USA"]
[SourceTitle "EXT 2012"]
[Source "ChessBase"]
[SourceDate "2011.11.24"]
[SourceVersion "1"]
[SourceVersionDate "2011.11.24"]
[SourceQuality "1"]

1. d4 Nf6 2. Nf3 e6 3. c4 d5 4. Nc3 c6 5. Bg5 Nbd7 6. e3 h6 7. Bh4 Qa5 8. cxd5 Nxd5 9. Qb3 Bb4 10. Rc1 f5 11. Bc4 N7b6 12. 0-0 0-0 13. Bg3 Bd7 14. Ne5 Rad8 15. Ne2 Be8 16. Nd3 Be7 17. Be5 Nxc4 18. Rxc4 b6 19. Ra4 Qd2 20. Nef4 c5 21. Rxa7 c4 22. Qxc4 Rc8 23. Qxc8 Nxf4 24. Nxf4 Bf7 25. Qc7 Re8 26. Qc3 Qxc3 27. bxc3 1-0

[Event "San Francisco TNM Fall op"]
[Site "San Francisco"]
[Date "2010.11.09"]
[Round "4"]
[White "Fuentes, Romulo C"]
[Black "Goins, Demetrius"]
[Result "0-1"]
[WhiteElo "2235"]
[BlackElo "2035"]
[PlyCount "68"]
[EventDate "2010.10.20"]
[EventType "swiss"]
[EventRounds "9"]
[EventCountry "USA"]
[SourceTitle "EXT 2012"]
[Source "ChessBase"]
[SourceDate "2011.11.24"]
[SourceVersion "1"]
[SourceVersionDate "2011.11.24"]
[SourceQuality "1"]

1. e4 c5 2. Nf3 e6 3. d4 cxd4 4. Nxd4 Nf6 5. Nc3 d6 6. Bg5 a6 7. f4 Qc7 8. Qf3 Nbd7 9. 0-0-0 Be7 10. Be2 Rb8 11. Qg3 b5 12. e5 b4 13. exf6 gxf6 14. Ne4 fxg5 15. Nxg5 Nf6 16. Bf3 h6 17. Qh4 Bd7 18. Rhe1 e5 19. fxe5 dxe5 20. Nxf7 Kxf7 21. Bh5+ Kf8 22. Rf1 Rb6 23. Nf5 Bxf5 24. Rxf5 Rc6 25. Qf2 Rg8 26. h4 Kg7 27. g4 Rc8 28. Rd2 Bc5 29. Qe2 Bd4 30. g5 Nxh5 31. gxh6+ Kh8 32. Rxh5 Qf7 33. Rg5 Qxa2 34. Rg8+ Qxg8 0-1

[Event "San Francisco TNM Fall op"]
[Site "San Francisco"]
[Date "2010.10.26"]
[Round "2"]
[White "Nelson, Christopher"]
[Black "Goins, Demetrius"]
[Result "0-1"]
[WhiteElo "1544"]
[BlackElo "2035"]
[PlyCount "72"]
[EventDate "2010.10.20"]
[EventType "swiss"]
[EventRounds "9"]
[EventCountry "USA"]
[SourceTitle "EXT 2012"]
[Source "ChessBase"]
[SourceDate "2011.11.24"]
[SourceVersion "1"]
[SourceVersionDate "2011.11.24"]
[SourceQuality "1"]

1. d4 d5 2. Nf3 Nf6 3. Bg5 Ne4 4. Bf4 Bf5 5. Nbd2 e6 6. e3 Bd6 7. Bxd6 Qxd6 8. Bd3 Nd7 9. Nh4 Qb4 10. Nxf5 exf5 11. f3 Nd6 12. Qc1 0-0 13. c3 Qb6 14. Qc2 Nf6 15. 0-0 Rfe8 16. Rfe1 Re7 17. b4 g6 18. Nb3 Rae8 19. Qf2 Qc6 20. Rac1 b6 21. Rc2 Kg7 22. Nd2 f4 23. Nf1 Re6 24. g4 R8e7 25. g5 Nh5 26. Rcc1 Qe8 27. e4 dxe4 28. fxe4 Nxe4 29. Bxe4 Rxe4 30. Rxe4 Rxe4 31. Rc2 Qe6 32. Qg2 Re1 33. Kf2 Ra1 34. Kf3 Qc4 35. Qe2 Rxf1+ 36. Kg2 f3+ 0-1

[Event "San Francisco TNM Peter Grey op"]
[Site "San Francisco"]
[Date "2010.08.31"]
[Round "5"]
[White "Goins, Demetrius"]
[Black "Traub, Igor Vladimirovich"]
[Result "0-1"]
[WhiteElo "2035"]
[BlackElo "2124"]
[PlyCount "58"]
[EventDate "2010.08.03"]
[EventType "swiss"]
[EventRounds "9"]
[EventCountry "USA"]
[SourceTitle "EXT 2012"]
[Source "ChessBase"]
[SourceDate "2011.11.24"]
[SourceVersion "1"]
[SourceVersionDate "2011.11.24"]
[SourceQuality "1"]

1. d4 d5 2. c4 c6 3. Nf3 Nf6 4. Nc3 e6 5. Bg5 h6 6. Bxf6 Qxf6 7. e3 Bd6 8. Qc2 0-0 9. Bd3 a6 10. a4 a5 11. e4 dxe4 12. Nxe4 Bb4+ 13. Nc3 c5 14. 0-0 cxd4 15. Ne4 Qd8 16. c5 Nc6 17. Bb5 Qd5 18. Rad1 e5 19. Bc4 d3 20. Rxd3 Qxe4 21. Nd2 Qh7 22. Ne4 Kh8 23. Nd6 Bf5 24. Nxf5 Qxf5 25. Qc1 Qg5 26. f4 exf4 27. Rxf4 Rae8 28. Rd1 Bxc5+ 29. Kh1 Be3 0-1